000 00522nam a2200241Ia 4500
003 IT-RoPAU
008 120407s9999 xx 000 0 und d
040 _aIT-RoPAU
040 _cIT-RoPAU
041 _aita
100 _aFranz Mussner
245 _aLa lettera di Giacomo.
250 _aBrescia
260 _aPaideia
260 _c1970
300 _a370 p.
300 _c23 cm
490 _aCommentario teol. del N.T.
490 _v11
600 _a1. Bibbia. N.T. Giacomo.
942 _cBK
999 _c33559
_d33559